|
|
|
|
| LEADER |
01330nam a22003734a 4500 |
| 001 |
EBC201616 |
| 003 |
MiAaPQ |
| 005 |
20200520144314.0 |
| 006 |
m o d | |
| 007 |
cr cn||||||||| |
| 008 |
990120s1999 enk sb 001 0 eng |
| 010 |
|
|
|z 99013648
|
| 020 |
|
|
|z 0521660092 (hardcover)
|
| 020 |
|
|
|z 0521669693 (pbk.)
|
| 035 |
|
|
|a (MiAaPQ)EBC201616
|
| 035 |
|
|
|a (Au-PeEL)EBL201616
|
| 035 |
|
|
|a (CaPaEBR)ebr2000739
|
| 035 |
|
|
|a (CaONFJC)MIL42075
|
| 035 |
|
|
|a (OCoLC)171135236
|
| 040 |
|
|
|a MiAaPQ
|c MiAaPQ
|d MiAaPQ
|
| 050 |
|
4 |
|a HM256
|b .J63 1999
|
| 082 |
0 |
4 |
|a 302/.12
|2 21
|
| 100 |
1 |
|
|a Joffe, Helene.
|
| 245 |
1 |
0 |
|a Risk and 'the other'
|h [electronic resource] /
|c Helene Joffe.
|
| 260 |
|
|
|a Cambridge, UK ;
|a New York, NY, USA :
|b Cambridge University Press,
|c 1999.
|
| 300 |
|
|
|a ix, 165 p.
|
| 504 |
|
|
|a Includes bibliographical references (p. 146-160) and index.
|
| 533 |
|
|
|a Electronic reproduction. Ann Arbor, MI : ProQuest, 2015. Available via World Wide Web. Access may be limited to ProQuest affiliated libraries.
|
| 650 |
|
0 |
|a Risk perception.
|
| 650 |
|
0 |
|a Social psychology.
|
| 650 |
|
0 |
|a Other minds (Theory of knowledge)
|
| 655 |
|
4 |
|a Electronic books.
|
| 710 |
2 |
|
|a ProQuest (Firm)
|
| 856 |
4 |
0 |
|u https://ebookcentral.proquest.com/lib/matrademy/detail.action?docID=201616
|z Click to View
|